| 000 | 01579nam a22002297a 4500 | ||
|---|---|---|---|
| 999 |
_c63548 _d63548 |
||
| 003 | Ge_BSU | ||
| 005 | 20251028152922.0 | ||
| 008 | 251028s2004 ge ||||| |||| 00| 0 geo d | ||
| 020 | _a9994000519 | ||
| 041 | _ageo | ||
| 080 | _a330.34 : 338.24 : 339.727.22 ბ-96 | ||
| 100 |
_aბურდული, ვახტანგ _926122 |
||
| 245 |
_aქვეყნის ეკონომიკური განვითარების რეგულირების მექანიზმი და მისი პრაქტიკული რეალიზაციის გზები : _b(საქართველოს მაგალითზე) / _c ვახტანგ ბურდული; [სამეცნ. რედ.: გიორგი წერეთელი]; საქ. მეცნ. აკად., ეკონომიკის ინ-ტი. |
||
| 264 |
_aთბ. : _bმეცნიერება, _c2004. |
||
| 300 |
_a391 გვ. : _bცხრ. ; _c20 სმ. |
||
| 500 | _aტექსტი ქართ. და რუს. ენ. | ||
| 504 | _aბიბლიოგრ.: გვ. 357-380. | ||
| 520 | _aრეზ. ინგლ. ენ. | ||
| 653 | _aეკონომიკის განვითარების რეგულირება საქართველოში | ||
| 653 | _aინვესტიციების კოორდინაცია საბაზრო ეკონომიკაზე გარდამავალ პერიოდში. | ||
| 942 |
_2udc _cᲬᲘᲒᲜᲘ |
||